| 000 | 00000nas 2200000za 4500 |
| 001 | 9.816381 |
| 003 | CaOODSP |
| 005 | 20221107142234 |
| 007 | cr ||||||||||| |
| 008 | 160427c19799999onc x m o f000#a0eng|d |
| 040 | |aCaOODSP|beng |
| 041 | |aeng|afre |
| 043 | |an-cn--- |
| 086 | 1 |aFs41-31-PDF |
| 245 | 00|aCanadian special publication of fisheries and aquatic sciences |h[electronic resource] = |bPublication spéciale canadienne des sciences halieutiques et aquatiques. |
| 246 | 11|aPublication spéciale canadienne des sciences halieutiques et aquatiques |
| 260 | |a[Ottawa] : |bDepartment of Fisheries and Oceans = Ministère des pêches et des océans, |c1979- |
| 310 | |aIrregular |
| 362 | 0 |a43- |
| 500 | |aDigitized editions from print. |
| 546 | |aText in English and French. |
| 692 | 07|2gccst|aFisheries |
| 692 | 07|2gccst|aAquatic ecosystems |
| 710 | 1 |aCanada. |bDepartment of Fisheries and Oceans. |
| 775 | 08|tCanadian special publication of fisheries and aquatic sciences.|w(CaOODSP)9.806457 |
| 776 | 0#|tCanadian special publication of fisheries and aquatic sciences = |w(CaOODSP)9.509336 |
| 792 | |tCanadian special publication of fisheries and aquatic sciences |efre|w(CaOODSP)9.816386 |